| 000 | 00714nam a2200217 4500 | ||
|---|---|---|---|
| 001 | 174532 | ||
| 003 | ES-MaACL | ||
| 005 | 20230906215547.0 | ||
| 008 | 100504s1994 sp |||| | spa d | ||
| 017 | _aS 95-1994 | ||
| 020 | _a84-7719-405-X | ||
| 080 | _a82.035 | ||
| 100 | 1 |
_aSáez Hermosilla, Teodoro. _9142680 |
|
| 245 | 1 | 3 |
_aEl sentido de la traducción _b: reflexión y crítica / _cTeodoro Sáez Hermosilla. |
| 260 |
_aLeón : _bUniversidad, Secretariado de Publicaciones ; _aSalamanca : _bEdiciones Universidad, _c1994. |
||
| 300 |
_a110 p. ; _c24 cm. |
||
| 504 | _aBibliografía: p.101-110. | ||
| 650 | 7 |
_aTraducción. _917608 |
|
| 710 | 2 |
_aUniversidad de León. _97200 |
|
| 852 | 4 |
_a BA _jC-57188 |
|
| 999 |
_c174532 _d174532 |
||